|
|
|
|
| LEADER |
00000nab a2200000 a 4500 |
| 001 |
vtls000337980 |
| 003 |
SK-MaSNL |
| 005 |
20260318132557.0 |
| 008 |
230223c1988 xo 0 slo |
| 015 |
|
|
|a SNBRB19rr/mm-uuuuu
|
| 035 |
|
|
|a CL0338102
|
| 035 |
|
|
|a urn:nbn:sk:snk-aba8g0
|
| 035 |
|
|
|a (urnnbn)urn:nbn:sk:snk:ar-a09kii
|
| 035 |
|
|
|a (uuid)b5f7294b-c98d-402f-a0a9-66efcf633c6c
|
| 040 |
|
|
|a SNKBUCL
|b slo
|c SNKBUCL
|e AACR2
|
| 041 |
0 |
|
|a slo
|
| 044 |
|
|
|a xo
|c SK
|
| 080 |
|
|
|a 903
|2 1981
|
| 100 |
1 |
|
|a Kalicz, Nándor,
|d 1928-
|4 aut
|9 591242
|
| 245 |
1 |
0 |
|a Beiträge zur Entstehungsfrage der Lengyel - Kultur
|c Nándor Kalicz
|
| 300 |
|
|
|b Obr. 5. Mp. 1., lit. 45 zázn. v slov., angl., nem., poľ.
|
| 650 |
0 |
7 |
|a lengyelská kultúra
|2 snkbucl
|9 73753
|
| 651 |
|
7 |
|a Dunaj (rieka)
|2 snkbucl
|9 22602
|
| 655 |
|
7 |
|a články z novín a časopisov
|2 snkbucl
|9 267496
|
| 773 |
0 |
|
|t Slovenská archeológia
|g Roč. 36, č. 1 (1988), s. 105-119
|
| 850 |
|
|
|a Slovenská národná knižnica v Martine
|a MTA001
|
| 852 |
|
|
|a SNK
|b KIS3GCP
|
| 954 |
|
|
|a odborná, vedecká literatúra pôvodná (slovenská)
|2 lita
|
| 958 |
|
|
|a RK
|
| 958 |
|
|
|a NB
|
| 958 |
|
|
|a OND
|
| 958 |
|
|
|a EUIPO
|
| 958 |
|
|
|a article13
|
| 992 |
|
|
|a RBX
|
| 999 |
|
|
|c 2136186
|d 2138116
|